[Event "GCT Blitz Paris 2017"]
[Site "Paris FRA"]
[Date "2017.06.24"]
[Round "1"]
[White "Mamedyarov,S"]
[Black "Bacrot,E"]
[Result "1-0"]
[WhiteElo "2800"]
[BlackElo "2708"]
[EventDate "2017.06.21"]

1. d4 d5 2. Nf3 Nf6 3. e3 e6 4. Bd3 c5 5. b3 Nbd7 6. Bb2 Be7 7. O-O b6 8.
c4 Bb7 9. Nc3 O-O 10. Rc1 Ne4 11. Qc2 Ndf6 12. Rfd1 cxd4 13. Bxe4 dxc3 14.
Qxc3 Qc7 15. Bb1 dxc4 16. Ng5 h6 17. Qc2 Rfd8 18. Nf3 Be4 19. Qxc4 Qxc4 20.
bxc4 Rxd1+ 21. Rxd1 Bxb1 22. Rxb1 Rc8 23. Rc1 Ne4 24. Kf1 Bf6 25. Bd4 Kf8
26. Ke2 Ke7 27. Rc2 g5 28. g4 h5 29. gxh5 Rh8 30. c5 Bxd4 31. exd4 bxc5 32.
dxc5 Rxh5 33. Ke3 f5 34. c6 Rh8 35. Ne5 Rc8 36. Rb2 Kd6 37. Kd4 g4 38. Rb7
Rc7 39. Rb8 Rxc6 40. Nxc6 Kxc6 41. Ke3 e5 42. Ra8 Kb7 43. Re8 Nd6 44. Rxe5
Nc4+ 45. Kf4 1-0

[Event "GCT Blitz Paris 2017"]
[Site "Paris FRA"]
[Date "2017.06.24"]
[Round "1"]
[White "Karjakin,Sergey"]
[Black "So,W"]
[Result "1-0"]
[WhiteElo "2781"]
[BlackElo "2812"]
[EventDate "2017.06.21"]

1. e4 e5 2. Nf3 Nc6 3. Bc4 Bc5 4. O-O Nf6 5. d3 O-O 6. a4 a5 7. Bg5 h6 8.
Bh4 g5 9. Bg3 d6 10. c3 Kg7 11. Na3 Bg4 12. Nc2 Nh5 13. Ne3 Bxe3 14. fxe3
Nxg3 15. hxg3 f5 16. Be6 Ne7 17. Qb3 Rb8 18. Nh2 Be2 19. exf5 Bxf1 20. Rxf1
h5 21. Qd1 Qe8 22. e4 Ng8 23. Qd2 Qe7 24. Bxg8 Kxg8 25. g4 h4 26. Nf3 Qg7
27. Qxg5 Qxg5 28. Nxg5 b5 29. Ne6 Rf7 30. axb5 Rxb5 31. Rf2 c6 32. g5 Rb8
33. Kh2 Rfb7 34. g6 Re8 35. Kh3 a4 36. Kxh4 Rbe7 37. Kg5 1-0

[Event "GCT Blitz Paris 2017"]
[Site "Paris FRA"]
[Date "2017.06.24"]
[Round "2"]
[White "Caruana,F"]
[Black "Karjakin,Sergey"]
[Result "1-0"]
[WhiteElo "2808"]
[BlackElo "2781"]
[EventDate "2017.06.21"]

1. Nf3 Nf6 2. g3 c5 3. Bg2 Nc6 4. O-O e5 5. c4 d5 6. cxd5 Nxd5 7. Qa4 Nb6
8. Qc2 Be7 9. b3 Be6 10. Bb2 f6 11. d3 Rc8 12. Nbd2 Nd4 13. Qd1 Qd7 14. e3
Nxf3+ 15. Nxf3 O-O 16. Qe2 Bd5 17. Rfd1 Rfd8 18. Rac1 Bf8 19. h4 a5 20. Bc3
Ra8 21. Rb1 Qc6 22. h5 Nc8 23. Rbc1 Qe6 24. e4 Bc6 25. Nh4 Nd6 26. f4 Nb5
27. Ba1 a4 28. Nf5 axb3 29. axb3 Nd4 30. Bxd4 exd4 31. Qc2 Ra3 32. Bh3 Qf7
33. Qc4 b5 34. Qxf7+ Kxf7 35. b4 Rc3 36. Ra1 cxb4 37. Ra7+ Kg8 38. h6 gxh6
39. e5 fxe5 40. fxe5 Bd5 41. e6 Re8 42. e7 Bg7 43. Nd6 Bf7 44. Nxe8 Bxe8
45. Be6+ Kh8 46. Ra8 1-0

[Event "GCT Blitz Paris 2017"]
[Site "Paris FRA"]
[Date "2017.06.24"]
[Round "2"]
[White "So,W"]
[Black "Vachier Lagrave,M"]
[Result "0-1"]
[WhiteElo "2812"]
[BlackElo "2796"]
[EventDate "2017.06.21"]

1. Nf3 c5 2. c3 Nf6 3. d4 d5 4. dxc5 e6 5. b4 a5 6. Qb3 axb4 7. cxb4 b6 8.
cxb6 Qxb6 9. b5 Nbd7 10. e3 Nc5 11. Qd1 Na4 12. Be2 Bd7 13. O-O Be7 14. Qb3
Ne4 15. Nd4 O-O 16. Ba3 Bxa3 17. Qxa3 e5 18. Nf3 Nac3 19. Qb2 Nxe2+ 20.
Qxe2 Bxb5 21. Qb2 Rfb8 22. Rd1 f6 23. Nc3 Nxc3 24. Qxc3 Qe6 25. Rab1 Rc8
26. Qb4 Be2 27. Rd2 Bc4 28. a4 Qa6 29. Ra1 Rab8 30. Qc3 Bb3 31. Qb2 Bxa4
32. Qa2 Qc4 33. h3 Be8 34. Qa7 Bf7 35. Rda2 Qc7 36. Qxc7 Rxc7 37. Ra7 Rxa7
38. Rxa7 g5 39. g4 Bg6 40. Ra1 h5 41. Nh2 h4 42. Nf3 Rb2 43. Rd1 Be4 44.
Nd2 Bd3 45. Nf1 Bc4 46. Rc1 Kf7 47. e4 Bxf1 48. Rc7+ Kg6 49. Kxf1 dxe4 50.
Rc3 Rd2 51. Kg2 Rd3 0-1

[Event "GCT Blitz Paris 2017"]
[Site "Paris FRA"]
[Date "2017.06.24"]
[Round "2"]
[White "Bacrot,E"]
[Black "Carlsen,M"]
[Result "0-1"]
[WhiteElo "2708"]
[BlackElo "2832"]
[EventDate "2017.06.21"]

1. e4 c5 2. Nf3 d6 3. Bb5+ Bd7 4. Bxd7+ Qxd7 5. c4 e5 6. Nc3 Nc6 7. d3 Be7
8. a3 Bd8 9. O-O Nge7 10. b4 cxb4 11. axb4 Nxb4 12. Ba3 Nbc6 13. d4 exd4
14. Nxd4 Nxd4 15. Qxd4 O-O 16. e5 Nc6 17. Qxd6 Qxd6 18. exd6 Bf6 19. Rac1
Bxc3 20. Rxc3 Rfd8 21. Rb1 Rd7 22. Re3 f6 23. c5 Kf7 24. Reb3 Nd8 25. Kf1
Rc8 26. Ke2 Rc6 27. Rb5 Ra6 28. R1b3 Ra4 29. Ke3 Ke6 30. R5b4 Rxb4 31. Rxb4
Kd5 32. Re4 Nc6 33. Rh4 h6 34. Rh5+ Ne5 35. f4 g6 36. fxe5 gxh5 37. exf6
Rf7 38. Bb2 Kxc5 0-1

[Event "GCT Blitz Paris 2017"]
[Site "Paris FRA"]
[Date "2017.06.24"]
[Round "2"]
[White "Topalov,V"]
[Black "Mamedyarov,S"]
[Result "1/2-1/2"]
[WhiteElo "2749"]
[BlackElo "2800"]
[EventDate "2017.06.21"]

1. c4 Nf6 2. Nc3 d5 3. cxd5 Nxd5 4. g3 g6 5. Bg2 Nxc3 6. bxc3 Bg7 7. Rb1
Nc6 8. Nf3 O-O 9. Qa4 Qd7 10. d4 Nxd4 11. Qxd7 Nxf3+ 12. Bxf3 Bxd7 13. Rxb7
Bxc3+ 14. Bd2 Be5 15. Bf4 Bxf4 16. gxf4 Rab8 17. Rxc7 Be6 18. Rxa7 Rb1+ 19.
Kd2 Rb2+ 20. Kc3 Rxa2 21. Rxa2 Bxa2 22. Ra1 Be6 23. Kd2 Rd8+ 24. Ke3 Kg7
25. Be4 Rc8 26. f3 Rc4 27. Bd3 Rc5 28. Kf2 1/2-1/2

[Event "GCT Blitz Paris 2017"]
[Site "Paris FRA"]
[Date "2017.06.24"]
[Round "3"]
[White "Mamedyarov,S"]
[Black "Grischuk,A"]
[Result "1/2-1/2"]
[WhiteElo "2800"]
[BlackElo "2761"]
[EventDate "2017.06.21"]

1. d4 Nf6 2. c4 g6 3. g3 c6 4. Bg2 d5 5. Qa4 dxc4 6. Qxc4 Bg7 7. Nf3 O-O 8.
O-O Bf5 9. Nc3 Nbd7 10. Qb4 Nb6 11. Qb3 a5 12. Re1 Ne4 13. Nh4 Be6 14. Qc2
Nd6 15. Nf3 Nb5 16. Rd1 Rc8 17. h3 Qd7 18. Kh2 Rfd8 19. Bf4 Qe8 20. e3 Nd5
21. Na4 Nxf4 22. gxf4 Bf5 23. Qb3 Be6 24. Qc2 Bf5 25. Qb3 Be6 26. Qc2
1/2-1/2

[Event "GCT Blitz Paris 2017"]
[Site "Paris FRA"]
[Date "2017.06.24"]
[Round "3"]
[White "Karjakin,Sergey"]
[Black "Bacrot,E"]
[Result "1-0"]
[WhiteElo "2781"]
[BlackElo "2708"]
[EventDate "2017.06.21"]

1. e4 e5 2. Nf3 Nc6 3. Bc4 Bc5 4. O-O Nf6 5. d3 d6 6. c3 a6 7. a4 O-O 8.
Re1 h6 9. h3 Be6 10. Bxe6 fxe6 11. b4 Ba7 12. Be3 Bxe3 13. Rxe3 Ne7 14.
Nbd2 Ng6 15. Qb3 Qe7 16. g3 Rf7 17. Rf1 Raf8 18. Nh2 Kh8 19. Qd1 Qe8 20.
Kg2 Nh7 21. Rf3 Nf6 22. a5 d5 23. Qe2 Qc6 24. Rc1 Qd6 25. Ng4 c5 26. Nxf6
gxf6 27. Qe3 Kh7 28. Qxc5 Qd7 29. exd5 exd5 30. c4 Rc8 31. Qb6 f5 32. Nb3
e4 33. dxe4 dxe4 34. Rfc3 Rg8 35. Nc5 Qd4 36. Nxb7 Qxb6 37. axb6 Rxb7 38.
c5 Nf4+ 39. Kf1 Nd3 40. Rb1 Rc8 41. Ra3 Ra8 42. Ke2 Kg6 43. Ke3 Kf6 44. Kd4
Ke6 45. f3 Rd8+ 46. Ke3 Ne5 47. Rc3 Nxf3 48. Ra1 Ke5 49. Rxa6 Rbd7 50. Raa3
Rd1 51. Rc2 Nd4 52. Rca2 Nb5 53. Rb3 R8d3+ 54. Rxd3 Rxd3+ 55. Kf2 e3+ 56.
Kf1 Nc3 57. b7 Rd1+ 58. Kg2 Rd8 59. Ra8 Rd2+ 60. Kf3 Nd5 61. b8=Q+ Kd4 62.
Qh8+ Kc4 63. g4 Rf2+ 64. Kg3 f4+ 65. Kh4 e2 66. Qe5 Ne3 67. Qe4+ Kb3 68.
Qd3+ Kb2 69. Qd2+ Kb3 70. Kh5 Rh2 71. h4 Ng2 72. Qxe2 Rxh4+ 73. Kg6 f3 74.
Qxf3+ Kc4 75. Qxg2 Kb5 76. Qg3 1-0

[Event "GCT Blitz Paris 2017"]
[Site "Paris FRA"]
[Date "2017.06.24"]
[Round "3"]
[White "Carlsen,M"]
[Black "Topalov,V"]
[Result "1-0"]
[WhiteElo "2832"]
[BlackElo "2749"]
[EventDate "2017.06.21"]

1. d4 d5 2. Bf4 c5 3. e3 Nc6 4. c3 e6 5. Nf3 Bd6 6. Bg3 Nge7 7. Bd3 h6 8.
dxc5 Bxc5 9. Nbd2 O-O 10. O-O Nf5 11. Bxf5 exf5 12. Nb3 Bb6 13. Qd3 Be6 14.
Rfd1 Qf6 15. Qb5 Qe7 16. a4 Rfc8 17. a5 Bd8 18. a6 Bb6 19. axb7 Qxb7 20.
Nc5 Qe7 21. Nd3 g5 22. Nde5 Nd8 23. h4 f6 24. Nd3 Nc6 25. Ra6 Qe8 26. Rda1
f4 27. exf4 g4 28. f5 Bxf5 29. Nd2 Qf7 30. Nf4 Ne7 31. Re1 Re8 32. c4 Rad8
33. c5 Bd7 34. Qb4 Nc6 35. Rxe8+ Rxe8 36. Qc3 d4 37. Qc1 Bd8 38. Nc4 Bc7
39. Nd6 Bxd6 40. cxd6 d3 41. Nxd3 Nd4 42. Nf4 Bb5 43. Ra3 a6 44. Kh2 Nf5
45. Qc7 Nd4 46. Rc3 Ne6 47. Nxe6 Qxe6 48. Bf4 Qf5 49. Kg3 h5 50. Rc5 Qd3+
51. Kh2 Qg6 52. d7 1-0

[Event "GCT Blitz Paris 2017"]
[Site "Paris FRA"]
[Date "2017.06.24"]
[Round "3"]
[White "Vachier Lagrave,M"]
[Black "Caruana,F"]
[Result "0-1"]
[WhiteElo "2796"]
[BlackElo "2808"]
[EventDate "2017.06.21"]

1. e4 e6 2. d4 d5 3. Nd2 c5 4. Ngf3 cxd4 5. Nxd4 Nf6 6. exd5 Qxd5 7. Nb5
Qd8 8. Bd3 a6 9. Nc3 Nc6 10. O-O Ne5 11. Be2 b5 12. Nf3 Qxd1 13. Rxd1 Nc6
14. Bf4 Bb7 15. a3 Bc5 16. b4 Be7 17. Ne5 Nxe5 18. Bxe5 O-O 19. a4 bxa4 20.
Nxa4 Nd5 21. c4 Nxb4 22. Rd7 Be4 23. Rxe7 Nc6 24. Bd6 Nxe7 25. Bxe7 Rfb8
26. c5 Rb3 27. f3 Bc6 28. Nb6 Ra7 29. Bd6 a5 30. Bd1 Rb4 31. Ba4 Bxa4 32.
Rxa4 f6 33. Kf2 Kf7 34. Ke3 e5 35. Rxb4 axb4 36. c6 b3 37. Kd3 Ra1 38. Nc4
Ra6 39. c7 Rc6 40. f4 b2 41. Nxb2 Rxd6+ 42. Ke4 Rc6 43. fxe5 Rxc7 44. Nd3
Rc2 45. exf6 Rxg2 46. fxg7 Rxh2 47. Nf4 Kxg7 48. Kf5 Ra2 49. Ne6+ Kh6 50.
Nf4 Ra5+ 51. Kf6 Rg5 52. Ne6 Rg6+ 53. Kf5 Rxe6 0-1

[Event "GCT Blitz Paris 2017"]
[Site "Paris FRA"]
[Date "2017.06.24"]
[Round "4"]
[White "Bacrot,E"]
[Black "Vachier Lagrave,M"]
[Result "0-1"]
[WhiteElo "2708"]
[BlackElo "2796"]
[EventDate "2017.06.21"]

1. Nf3 c5 2. b3 d6 3. c4 g6 4. Bb2 e5 5. Nc3 Bg7 6. d3 Nc6 7. e3 f5 8. g3
Nf6 9. Bg2 O-O 10. O-O f4 11. Nd5 fxe3 12. fxe3 Nxd5 13. cxd5 Nb4 14. e4
Bd7 15. a3 Na6 16. Bc1 Nc7 17. Bg5 Qe8 18. Qd2 Nb5 19. a4 Nd4 20. Nxd4
Rxf1+ 21. Rxf1 exd4 22. Bf6 Bxf6 23. Rxf6 Qe7 24. Qf4 Rf8 25. Rxf8+ Qxf8
26. e5 Qxf4 27. gxf4 Bg4 28. exd6 Kf8 29. a5 Ke8 30. Kf2 Kd7 31. Bf3 Bf5
0-1

[Event "GCT Blitz Paris 2017"]
[Site "Paris FRA"]
[Date "2017.06.24"]
[Round "4"]
[White "Grischuk,A"]
[Black "So,W"]
[Result "1/2-1/2"]
[WhiteElo "2761"]
[BlackElo "2812"]
[EventDate "2017.06.21"]

1. Nf3 Nf6 2. c4 c5 3. b3 g6 4. Bb2 Bg7 5. g3 b6 6. Bg2 Bb7 7. O-O O-O 8.
d4 cxd4 9. Qxd4 d5 10. Na3 dxc4 11. Nxc4 Qxd4 12. Nxd4 Bxg2 13. Kxg2 Rc8
14. Rfd1 Nc6 15. Rac1 Nxd4 16. Bxd4 Ne4 17. Bxg7 Kxg7 18. f3 Nc5 19. Kf2
Kf8 20. e4 f6 21. Ke3 Ke8 22. h4 Rd8 23. g4 h6 24. f4 Rxd1 25. Rxd1 Rd8 26.
Rxd8+ Kxd8 27. f5 g5 28. h5 Nd7 29. Kd4 b5 30. Ne3 a6 31. Kd5 Ne5 32. Ke6
Ke8 33. a4 bxa4 34. bxa4 Nd7 35. a5 Nc5+ 36. Kd5 Nb3 37. Nc4 Kd7 38. e5
fxe5 39. Nxe5+ Ke8 40. Nc4 Kd7 41. Ne5+ Ke8 42. Nc6 Kd7 43. Nb8+ Ke8 44.
Nxa6 Nxa5 45. Nc5 Kf7 46. Nd3 Nb3 47. Ne5+ Kf6 48. Nd7+ Kf7 49. Ne5+ Kf6
50. Nd7+ 1/2-1/2

[Event "GCT Blitz Paris 2017"]
[Site "Paris FRA"]
[Date "2017.06.24"]
[Round "4"]
[White "Topalov,V"]
[Black "Karjakin,Sergey"]
[Result "1/2-1/2"]
[WhiteElo "2749"]
[BlackElo "2781"]
[EventDate "2017.06.21"]

1. c4 e5 2. g3 Nf6 3. Bg2 d5 4. cxd5 Nxd5 5. Nf3 Nc6 6. O-O Be7 7. d4 e4 8.
Ne5 f5 9. Nxc6 bxc6 10. Qc2 Qd7 11. Nc3 O-O 12. Nxd5 cxd5 13. Bf4 c6 14.
Rfc1 Bb7 15. e3 a5 16. h4 Rfc8 17. Qd1 Ba6 18. Rc2 a4 19. Rac1 Bd3 20. Rc3
Bb5 21. Bf1 Bb4 22. R3c2 Bxf1 23. Kxf1 Ra6 24. Kg2 h6 25. Rb1 Kh7 26. b3 a3
27. Rbc1 Qe6 28. Qh5 Rb6 29. Be5 Ra6 30. Qe2 Raa8 31. Bf4 Ra5 32. Qd1 Qd7
33. Qe2 Qe6 34. Qd1 Qd7 35. Qe2 Qe6 1/2-1/2

[Event "GCT Blitz Paris 2017"]
[Site "Paris FRA"]
[Date "2017.06.24"]
[Round "4"]
[White "Mamedyarov,S"]
[Black "Carlsen,M"]
[Result "0-1"]
[WhiteElo "2800"]
[BlackElo "2832"]
[EventDate "2017.06.21"]

1. d4 d5 2. Nf3 Nf6 3. c4 c6 4. Qc2 g6 5. g3 Bg7 6. Bg2 O-O 7. Nbd2 Bf5 8.
Qb3 Qb6 9. O-O Rd8 10. Qa3 Na6 11. c5 Qb5 12. e3 Nb4 13. Qc3 a5 14. a4 Qa6
15. b3 Nd3 16. Rd1 Ng4 17. Rf1 Bh6 18. Nb1 e5 19. Bd2 Bg7 20. Na3 Nf6 21.
Ne1 Ne4 22. Bxe4 dxe4 23. Nxd3 exd4 24. Qb2 Qxd3 0-1

[Event "GCT Blitz Paris 2017"]
[Site "Paris FRA"]
[Date "2017.06.24"]
[Round "5"]
[White "Carlsen,M"]
[Black "Grischuk,A"]
[Result "0-1"]
[WhiteElo "2832"]
[BlackElo "2761"]
[EventDate "2017.06.21"]

1. Nf3 Nf6 2. g3 d5 3. Bg2 c6 4. O-O Bf5 5. c4 e6 6. d3 dxc4 7. dxc4 Qxd1
8. Rxd1 Bc2 9. Rf1 Nbd7 10. Nc3 Bb4 11. Bd2 a5 12. a3 Bxc3 13. Bxc3 a4 14.
Rac1 Be4 15. Rfd1 Ke7 16. Bf1 c5 17. Ne1 Bc6 18. f3 Rhd8 19. Nd3 b6 20. Kf2
Ne8 21. e4 Bb7 22. Ke3 Ba6 23. h4 Rac8 24. Nf4 f6 25. Rd2 Nd6 26. Nh5 Ne8
27. Rcd1 Ne5 28. Rxd8 Rxd8 29. Rxd8 Kxd8 30. Bxe5 fxe5 31. g4 Ke7 32. Kd2
g6 33. Ng3 Nd6 34. Kc3 Nb7 35. Bd3 Na5 36. Nf1 Bc8 37. Nd2 Bd7 38. Bc2 h6
39. g5 hxg5 40. hxg5 Nb7 41. Nf1 Nd6 42. Ne3 Nf7 43. Ng4 Bc6 44. Kd2 Kd6
45. Ke3 Nxg5 46. Nf2 Nh7 47. Nd1 Nf6 48. Nc3 Nh5 49. Bxa4 Bb7 50. Bd1 Nf4
51. Be2 Ng2+ 52. Kf2 Nf4 53. Bf1 Bc6 54. b4 cxb4 55. axb4 Be8 56. Ke3 g5
57. b5 Kc7 58. Na4 Bh5 59. Be2 Ng2+ 60. Kf2 Nf4 61. Bf1 g4 62. fxg4 Bxg4
63. Ke3 Bd1 64. Nb2 Bc2 65. Bd3 Bb3 66. Kd2 Kd6 67. Kc3 Ba2 68. Nd1 Kc5 69.
Nf2 Kd6 70. Kb4 Kc7 71. Bf1 Kd6 72. Nd1 Bb1 73. Nf2 Kc7 74. c5 bxc5+ 75.
Kxc5 Bc2 76. b6+ Kb7 77. Bb5 Bb1 78. Bc6+ Ka6 79. b7 Ka7 80. Kd6 Kb8 81.
Kxe5 Ne2 82. Kxe6 Kc7 83. Bd5 Nc3 84. Ke5 Nxd5 85. exd5 Kxb7 86. d6 0-1

[Event "GCT Blitz Paris 2017"]
[Site "Paris FRA"]
[Date "2017.06.24"]
[Round "5"]
[White "Karjakin,Sergey"]
[Black "Mamedyarov,S"]
[Result "1/2-1/2"]
[WhiteElo "2781"]
[BlackElo "2800"]
[EventDate "2017.06.21"]

1. e4 e5 2. Nf3 Nc6 3. Bc4 Bc5 4. O-O Nf6 5. d3 a6 6. a4 d6 7. c3 Ba7 8.
Re1 h6 9. Nbd2 O-O 10. Nf1 Re8 11. Be3 Be6 12. Bxe6 Rxe6 13. Bxa7 Rxa7 14.
b4 Ra8 15. Qb3 Ne7 16. Ne3 Ng6 17. g3 Qd7 18. c4 Nh5 19. Qd1 Nf6 20. b5 Nh7
21. Rb1 b6 22. Nd5 a5 23. Nd2 Ne7 24. Nf1 f5 25. Nfe3 fxe4 26. dxe4 Rf8 27.
h4 Nf6 28. Nxf6+ Rexf6 29. Qg4 Qxg4 30. Nxg4 Rf3 31. Re3 R3f7 32. Re2 Kh7
33. Ne3 Ng6 34. Kg2 Re8 35. Nd5 Nf8 36. Re3 Ne6 37. Rf3 Ref8 38. Rxf7 Rxf7
39. Re1 Kg8 40. Re3 Nc5 41. Nc3 Nb3 42. Rd3 Kf8 43. f3 Ke8 44. Rd1 Kd7 45.
Nd5 g5 46. hxg5 hxg5 47. Rd3 Nc5 48. Ra3 g4 49. fxg4 Nxe4 50. Re3 Ng5 51.
Re1 Ne6 52. Rh1 Nc5 53. g5 Rg7 54. g6 Rxg6 55. Rh7+ Kd8 56. Rh8+ Kd7 57.
Rh7+ Kd8 58. Rh8+ Kd7 59. Rh7+ Ke8 60. Rxc7 Nxa4 61. Rc6 Kd7 62. Nxb6+ Nxb6
63. Rxb6 Rg4 64. Rc6 a4 65. Kf3 Rd4 66. c5 a3 67. Ra6 dxc5 68. Rxa3 Rb4 69.
Ra7+ Ke6 70. Rb7 Rb3+ 71. Ke4 Rb4+ 72. Kd3 Kd5 73. Rd7+ Ke6 74. Rb7 Kd6 75.
b6 Rb3+ 76. Kc4 Rxg3 77. Rb8 Rg4+ 78. Kc3 Rb4 79. b7 e4 80. Re8 Rxb7 81.
Rxe4 Ra7 82. Rh4 1/2-1/2

[Event "GCT Blitz Paris 2017"]
[Site "Paris FRA"]
[Date "2017.06.24"]
[Round "5"]
[White "So,W"]
[Black "Caruana,F"]
[Result "0-1"]
[WhiteElo "2812"]
[BlackElo "2808"]
[EventDate "2017.06.21"]

1. Nf3 d5 2. e3 Nf6 3. c4 e6 4. b3 Bd6 5. Bb2 O-O 6. Nc3 b6 7. Qc2 c6 8.
Be2 Bb7 9. cxd5 exd5 10. O-O Nbd7 11. Rac1 Re8 12. Rfd1 Nc5 13. d3 Rc8 14.
b4 Ne6 15. Qb3 Qe7 16. a3 c5 17. bxc5 bxc5 18. Nb5 Bb8 19. Bxf6 gxf6 20.
Rb1 Bc6 21. d4 c4 22. Qc2 Nf4 23. Bf1 Ng6 24. a4 Qd7 25. Nc3 h5 26. g3 h4
27. Bg2 hxg3 28. hxg3 Kg7 29. Nd2 Qg4 30. Nf1 Qg5 31. e4 dxe4 32. d5 Bd7
33. Nxe4 Qe5 34. Ne3 f5 35. Rxb8 Qxb8 36. Ng5 Qb3 37. Qd2 c3 38. Qd4+ f6
39. Ne6+ Bxe6 40. dxe6 Qxe6 41. Bh3 Ne7 42. Re1 Kg8 43. Kh2 Qe5 44. Qd7
Red8 45. Qxa7 Rc7 46. Qb6 Qc5 47. Qe6+ Kg7 48. Bxf5 Qe5 49. Qb6 Rh8+ 50.
Kg1 Qc5 51. Qb1 Nd5 52. Qe4 Nxe3 53. Rxe3 c2 54. Qg4+ Kf8 55. Bxc2 Qxc2 56.
Qb4+ Kf7 57. Kg2 Qc6+ 58. Rf3 Rh2+ 59. Kxh2 Qxf3 0-1

[Event "GCT Blitz Paris 2017"]
[Site "Paris FRA"]
[Date "2017.06.24"]
[Round "5"]
[White "Vachier Lagrave,M"]
[Black "Topalov,V"]
[Result "1-0"]
[WhiteElo "2796"]
[BlackElo "2749"]
[EventDate "2017.06.21"]

1. e4 c6 2. Nf3 d5 3. Nc3 Bg4 4. h3 Bxf3 5. Qxf3 e6 6. Be2 Nf6 7. O-O Be7
8. Rd1 b5 9. e5 Nfd7 10. d4 a6 11. Nb1 c5 12. c3 Nc6 13. Qg4 g6 14. Bh6 Qb6
15. Na3 b4 16. Nc2 bxc3 17. bxc3 Qb2 18. Rac1 Qxc3 19. Ne3 Qa3 20. Bf3 Nxd4
21. Bxd5 Rd8 22. Nc4 Qa4 23. Bf3 Rb8 24. Rxd4 cxd4 25. Qxd4 Qb5 26. Rd1 Rd8
27. a4 Qc5 28. Qe4 Rc8 29. Rc1 Rb8 30. Qd3 Rd8 31. Nd6+ Bxd6 32. Rxc5 Bxc5
33. Bc6 g5 34. Bxg5 Be7 35. Be3 a5 36. Bb6 1-0

[Event "GCT Blitz Paris 2017"]
[Site "Paris FRA"]
[Date "2017.06.24"]
[Round "6"]
[White "Mamedyarov,S"]
[Black "Vachier Lagrave,M"]
[Result "0-1"]
[WhiteElo "2800"]
[BlackElo "2796"]
[EventDate "2017.06.21"]

1. d4 Nf6 2. c4 g6 3. g3 c6 4. Bg2 d5 5. Qa4 Nfd7 6. cxd5 Nb6 7. Qd1 cxd5
8. Nc3 Nc6 9. a4 Bg7 10. a5 Nc4 11. Bxd5 N4xa5 12. Nf3 O-O 13. O-O Bg4 14.
Be3 Rc8 15. Qa4 Bd7 16. Rfd1 e6 17. Be4 a6 18. d5 b5 19. Qa2 exd5 20. Nxd5
Nc4 21. Qxa6 Nxe3 22. Nxe3 Qe7 23. Qb7 Qxe4 24. Rxd7 Bxb2 25. Ra6 Qe6 26.
Nd5 Qxe2 27. Rxc6 Rb8 28. Qc7 Qxf3 29. h4 Ra8 30. Rc1 Bxc1 31. Qxc1 Qa3 32.
Qh6 Qa1+ 33. Kg2 Qg7 34. Qf4 Ra6 35. Rb7 Re6 36. Rxb5 Kh8 37. Rb7 Qe5 38.
Qf3 Qe4 39. Qxe4 Rxe4 40. Nf6 Re6 41. Nd7 Re7 42. Nc5 Rxb7 43. Nxb7 Kg7 44.
Nd6 Rd8 45. Ne4 h6 46. Kf3 f5 47. Nc5 Rd5 48. Ne6+ Kf6 49. Nf4 Ra5 50. Ke3
Ra4 51. Kf3 Ra6 52. Nd5+ Ke5 53. Nf4 g5 54. hxg5 hxg5 55. Nd3+ Kd4 56. Ne1
Ra3+ 57. Kg2 Ke4 58. Nc2 Rc3 59. Ne1 f4 60. gxf4 gxf4 61. Kh2 f3 0-1

[Event "GCT Blitz Paris 2017"]
[Site "Paris FRA"]
[Date "2017.06.24"]
[Round "6"]
[White "Bacrot,E"]
[Black "So,W"]
[Result "1-0"]
[WhiteElo "2708"]
[BlackElo "2812"]
[EventDate "2017.06.21"]

1. e4 c5 2. Nf3 d6 3. Bb5+ Nd7 4. O-O a6 5. Bd3 Ngf6 6. Re1 b5 7. c4 Ne5 8.
Nxe5 dxe5 9. Bf1 b4 10. d3 e6 11. Nd2 Bd6 12. a3 Nd7 13. Nb3 a5 14. axb4
cxb4 15. d4 exd4 16. Nxd4 Qb6 17. Be3 Bc5 18. Nb3 Bxe3 19. Rxe3 a4 20. c5
Qc6 21. Nd4 Qxc5 22. Rc1 Qb6 23. Nc6 Nb8 24. Qd6 Nxc6 25. Rxc6 Qd8 26. Qxb4
Qe7 27. Qxe7+ Kxe7 28. Rc7+ Kd6 29. Rxf7 Rb8 30. Ra3 Rb4 31. Rxg7 Rxe4 32.
Ra7 Rb4 33. Ra2 Bd7 34. b3 axb3 35. Rd2+ Ke5 36. Raxd7 b2 37. Bd3 Rc8 38.
Rd1 Rc1 39. Bb1 Rbc4 40. Kf1 Ra4 41. Re1+ Kf6 42. Rdd1 1-0

[Event "GCT Blitz Paris 2017"]
[Site "Paris FRA"]
[Date "2017.06.24"]
[Round "6"]
[White "Grischuk,A"]
[Black "Caruana,F"]
[Result "1/2-1/2"]
[WhiteElo "2761"]
[BlackElo "2808"]
[EventDate "2017.06.21"]

1. e4 e5 2. Nf3 Nc6 3. Be2 Nf6 4. d3 d5 5. Nbd2 Bc5 6. O-O O-O 7. c3 a5 8.
a4 Re8 9. Qc2 h6 10. h3 Be6 11. Re1 d4 12. Nf1 Nd7 13. Ng3 Bf8 14. cxd4
exd4 15. Nd2 Nc5 16. b3 Nb4 17. Qb1 Bd6 18. Ngf1 f5 19. Ba3 fxe4 20. dxe4
d3 21. Bd1 Rf8 22. Re3 Bf4 23. Rf3 Qg5 24. Bc1 Rad8 25. Ne3 Nc6 26. Bb2 Ne5
27. Bxe5 Qxe5 28. Ra2 Nxe4 29. Nxe4 Qxe4 30. Rd2 g5 31. Qc1 Rf7 32. g3 Bd6
33. Rxf7 Bxf7 34. Bg4 Bxg3 35. Nf5 Bf4 36. Nxh6+ Kf8 37. Qc5+ Rd6 38. Nxf7
Kxf7 39. Qxc7+ Qe7 40. Qc4+ Kf8 41. Rxd3 Rxd3 42. Qxd3 Qc7 43. Kg2 Ke7 44.
Bf3 b6 45. Qg6 Qc5 46. Qg7+ Kd6 47. h4 Qe5 48. Qf8+ Qe7 49. Qb8+ Kc5 50.
Qc8+ Kb4 51. Qc4+ Ka3 52. h5 Bd6 53. h6 Bc5 54. Qd3 Qe1 55. Qc2 Qe6 56. h7
Qh6 57. Qf5 Bd6 58. Bg4 Qh2+ 59. Kf3 Bc5 60. Ke4 Qh4 61. Kd5 Qh5 62. Bf3
Qh6 63. Be4 Qd6+ 64. Kc4 Qd4+ 65. Kb5 Qb4+ 66. Ka6 Qc3 67. Qd5 Bd4 68. f3
Qc8+ 69. Kb5 Qc3 70. Qc4 Qxb3+ 71. Qxb3+ Kxb3 72. Bd5+ Ka3 73. Bb7 Kb3 74.
Bd5+ Kc3 75. Bb7 Kd3 76. Bc6 Kc3 77. Bb7 Kd3 78. Bc6 Kc3 1/2-1/2

[Event "GCT Blitz Paris 2017"]
[Site "Paris FRA"]
[Date "2017.06.24"]
[Round "6"]
[White "Carlsen,M"]
[Black "Karjakin,Sergey"]
[Result "1/2-1/2"]
[WhiteElo "2832"]
[BlackElo "2781"]
[EventDate "2017.06.21"]

1. d4 Nf6 2. Bf4 d5 3. e3 c5 4. Nc3 e6 5. Nf3 Be7 6. Nb5 Na6 7. c3 O-O 8.
a4 Bd7 9. Ne5 Be8 10. Bd3 Nb8 11. dxc5 Bxc5 12. O-O Nc6 13. Qf3 a6 14. Nxc6
Bxc6 15. Nd4 Bd6 16. Bxd6 Qxd6 17. Qg3 Qxg3 18. hxg3 Rfc8 19. a5 Ne8 20. e4
Nd6 21. e5 Nc4 22. Bxc4 dxc4 23. g4 Be4 24. Rfe1 Bd3 25. Ra4 Rc7 26. f4 Rd8
27. Kf2 Rd5 28. Ke3 g5 29. g3 h6 30. b4 Rc8 31. Rh1 Kg7 32. Ra2 Rh8 33. Rd2
Rh7 34. Nf3 Rh8 35. Rhh2 Rhd8 36. Nd4 Rh8 37. Rh1 Rh7 38. Nf3 Rh8 39. Rhd1
Rhd8 40. Ne1 Be4 41. Rxd5 Bxd5 42. Nf3 Rh8 43. f5 h5 44. Nxg5 hxg4 45. Kf4
Rh2 46. fxe6 fxe6 47. Ne4 Kg6 48. Rd2 Rh1 49. Nf6 Rf1+ 50. Ke3 Rf3+ 51. Kd4
Rxg3 52. Nxd5 exd5 53. Kc5 Rxc3 54. Re2 Rf3 55. e6 Rf8 56. e7 Re8 57. Kxd5
c3 58. Kd6 g3 59. Re3 g2 60. Rg3+ Kf7 61. Rf3+ Kg6 62. Rg3+ Kf7 63. Rf3+
Kg6 1/2-1/2

[Event "GCT Blitz Paris 2017"]
[Site "Paris FRA"]
[Date "2017.06.24"]
[Round "7"]
[White "Vachier Lagrave,M"]
[Black "Carlsen,M"]
[Result "1-0"]
[WhiteElo "2796"]
[BlackElo "2832"]
[EventDate "2017.06.21"]

1. e4 e5 2. Nf3 Nc6 3. Bc4 Bc5 4. c3 Nf6 5. d3 a6 6. O-O d6 7. a4 Ba7 8.
Re1 O-O 9. h3 h6 10. Nbd2 Re8 11. b4 Be6 12. Bxe6 Rxe6 13. Nf1 Ne7 14. Ng3
Ng6 15. d4 Qd7 16. d5 Ree8 17. a5 c6 18. c4 cxd5 19. cxd5 Rac8 20. Qd3 Rc7
21. Bd2 Rec8 22. Nf5 Rc4 23. Rac1 Rxe4 24. Rxc8+ Qxc8 25. Nxd6 Rxe1+ 26.
Nxe1 Qd7 27. Ne4 Nxd5 28. Bxh6 Bd4 29. Qc4 Qc6 30. Qxc6 bxc6 31. Bd2 f5 32.
Nd6 Nge7 33. Nf3 Ba1 34. Nb7 e4 35. Ng5 Nc7 36. Nc5 Bd4 37. Nge6 Nxe6 38.
Nxe6 Ba7 39. Nc7 Nd5 40. Nxa6 Kf7 41. Nc5 Bxc5 42. bxc5 Nc7 43. h4 Na6 44.
Be3 g6 45. g4 fxg4 46. Kg2 Ke6 47. Kg3 Kf5 48. Bd4 Nb4 49. Kg2 Na6 50. Be3
Ke5 51. Kh2 Ke6 52. Kg3 Kf5 53. Bd4 Nb4 54. Bb2 Na6 55. Ba3 Nc7 56. Kg2 Na6
57. Kf1 Ke5 58. Ke2 Kd4 59. Bb2+ Kxc5 60. Ke3 Kd5 61. Kf4 Nc5 62. Kxg4 Kc4
63. Ba3 Kb5 64. Bxc5 Kxc5 65. Kf4 Kb5 66. Kxe4 Kxa5 67. f4 c5 68. h5 gxh5
69. f5 h4 70. f6 h3 71. Kf3 1-0

[Event "GCT Blitz Paris 2017"]
[Site "Paris FRA"]
[Date "2017.06.24"]
[Round "7"]
[White "So,W"]
[Black "Topalov,V"]
[Result "1/2-1/2"]
[WhiteElo "2812"]
[BlackElo "2749"]
[EventDate "2017.06.21"]

1. Nf3 d5 2. e3 g6 3. c4 Nf6 4. cxd5 Nxd5 5. d4 Bg7 6. e4 Nb6 7. Nc3 O-O 8.
Be3 Bg4 9. Be2 Nc6 10. d5 Bxf3 11. gxf3 Ne5 12. Qb3 c5 13. f4 c4 14. Qc2
Nd3+ 15. Bxd3 cxd3 16. Qxd3 Rc8 17. Bd4 Bxd4 18. Qxd4 Nc4 19. b3 Nd6 20.
O-O Qd7 21. Qe3 Rc7 22. Ne2 Rfc8 23. f3 Qh3 24. Rf2 Rc2 25. a4 a6 26. Raf1
h5 27. Kh1 Rb2 28. f5 Rcc2 29. Rg1 Nxf5 30. exf5 Qxf5 31. Rfg2 Qxd5 32. Qf4
Kh7 33. Rg5 Qe6 34. Qd4 Qf6 35. Rxh5+ gxh5 36. Qd3+ Kh6 37. Qe3+ Kh7 38.
Qd3+ Kh6 39. Qe3+ 1/2-1/2